000 00428nam a2200169Ia 4500
008 100511t2009 xxu||||| |||| 00| 0 sin d
041 _asin
080 _aX8S31
_bGUN
100 _aGunasingha, Siri
245 _aහෙවනැල්ල
246 _aHevanella ( LIB 63 / 6 / 25 )
260 _bGodage
_aColombo
_c2009
300 _a156p., 21 cm
942 _cBK
999 _c73371
_d73371
003 LK-CoDNM
040 _aLK-CoDNM
_dLK-CoDNM
_eLK-CoDNM